Visión panorámica de la administración Carazo

Kaydedildi:
Detaylı Bibliyografya
Yazar: Alfaro, José Miguel
Müşterek Yazar: UNA. Facultad de Filosofía y Letras. Instituto de Estudios Latinoamericanos
Materyal Türü: Metin
Baskı/Yayın Bilgisi: San José: s.e.
Etiketler: Etiketle
Etiket eklenmemiş, İlk siz ekleyin!

MARC

LEADER 00000 a a2200000 04500
001 24369
003
040
090 |a 166800  
100 |a Alfaro, José Miguel  
110 |a UNA. Facultad de Filosofía y Letras. Instituto de Estudios Latinoamericanos  
245 |a Visión panorámica de la administración Carazo  
260 |a San José:   |b s.e.  
300 |a 44 p.; n. 1  
999 |c 12006  |d 12006